| 000 | 00696aam a2200265 4500 | ||
|---|---|---|---|
| 005 | 20250919185906.0 | ||
| 008 | 150227b2016 xxu||||| |||| 00| 0 ES d | ||
| 020 | _a9789977130833 | ||
| 041 | _aESP | ||
| 082 | _a351.711 C8374L | ||
| 100 | _aCosta Rica. Leyes, decretos, etc. | ||
| 245 | _aLey de Contratación Administrativa y su Reglamento | ||
| 260 | _bPublicaciones Jurídicas | ||
| 260 | _aCosta Rica | ||
| 260 | _c2016 | ||
| 300 | _a262 páginas | ||
| 490 | _aTemática General | ||
| 650 | _aCOSTA RICA | ||
| 650 | _aCONTRATACIÓN ADMINISTRATIVA | ||
| 650 | _aCONTRATOS | ||
| 650 | _aDERECHO ADMINISTRATIVO | ||
| 650 | _aLEGISLACIÓN | ||
| 942 |
_cBK _2ddc |
||
| 999 |
_c8247 _d8247 |
||